MAASAI MARA UNIVERSITY

LIBRARY CATALOGUE

Contact Us: +254 020 2685356/7 or 0774 057787

Box: 861-20500, NAROK, KENYA

Email: info@mmarau.ac.ke

Keys to effective learning : (Record no. 18690)

MARC details
000 -LEADER
fixed length control field 01214cam a2200349 a 4500
001 - CONTROL NUMBER
control field 13453205
003 - CONTROL NUMBER IDENTIFIER
control field OSt
005 - DATE AND TIME OF LATEST TRANSACTION
control field 20210906103340.0
008 - FIXED-LENGTH DATA ELEMENTS--GENERAL INFORMATION
fixed length control field 040109s2005 njua b 001 0 eng
010 ## - LIBRARY OF CONGRESS CONTROL NUMBER
LC control number 2004000487
020 ## - INTERNATIONAL STANDARD BOOK NUMBER
International Standard Book Number 0131131125
040 ## - CATALOGING SOURCE
Original cataloging agency MMU
Transcribing agency MMU
Modifying agency MMU
Language of cataloging eng
050 00 - LIBRARY OF CONGRESS CALL NUMBER
Classification number LB2395
Item number .C27 2005
082 00 - DEWEY DECIMAL CLASSIFICATION NUMBER
Classification number 378.1/7/0281
Edition number 22
100 1# - MAIN ENTRY--PERSONAL NAME
Personal name Carter, Carol.
245 10 - TITLE STATEMENT
Title Keys to effective learning :
Remainder of title developing powerful habits of mind /
Statement of responsibility, etc. Carol Carter, Joyce Bishop, Sarah Lyman Kravits ; editorial consultant, Richard D. Bucher.
250 ## - EDITION STATEMENT
Edition statement 4th ed.
260 ## - PUBLICATION, DISTRIBUTION, ETC. (IMPRINT)
Place of publication, distribution, etc. Upper Saddle River, NJ :
Name of publisher, distributor, etc. Pearson/Prentice Hall,
Date of publication, distribution, etc. c2005.
300 ## - PHYSICAL DESCRIPTION
Extent xliv, 414 p. :
Other physical details col. ill. ;
Dimensions 28 cm.
504 ## - BIBLIOGRAPHY, ETC. NOTE
Bibliography, etc Includes bibliographical references and index.
650 #0 - SUBJECT ADDED ENTRY--TOPICAL TERM
Topical term or geographic name as entry element Study skills.
650 #0 - SUBJECT ADDED ENTRY--TOPICAL TERM
Topical term or geographic name as entry element Learning.
650 #0 - SUBJECT ADDED ENTRY--TOPICAL TERM
Topical term or geographic name as entry element Cognitive styles.
650 #0 - SUBJECT ADDED ENTRY--TOPICAL TERM
Topical term or geographic name as entry element Note-taking.
650 #0 - SUBJECT ADDED ENTRY--TOPICAL TERM
Topical term or geographic name as entry element Test-taking skills.
700 1# - ADDED ENTRY--PERSONAL NAME
Personal name Bishop, Joyce
Fuller form of name (Joyce L.),
Dates associated with a name 1950-
700 1# - ADDED ENTRY--PERSONAL NAME
Personal name Kravits, Sarah Lyman.
700 1# - ADDED ENTRY--PERSONAL NAME
Personal name Bucher, Richard D.,
Dates associated with a name 1949-
856 41 - ELECTRONIC LOCATION AND ACCESS
Materials specified Table of contents
Uniform Resource Identifier <a href="http://www.loc.gov/catdir/toc/ecip0413/2004000487.html">http://www.loc.gov/catdir/toc/ecip0413/2004000487.html</a>
906 ## - LOCAL DATA ELEMENT F, LDF (RLIN)
a 7
b cbc
c orignew
d 1
e ecip
f 20
g y-gencatlg
942 ## - ADDED ENTRY ELEMENTS (KOHA)
Source of classification or shelving scheme Library of Congress Classification
Koha item type L
Holdings
Withdrawn status Lost status Source of classification or shelving scheme Damaged status Not for loan Home library Current library Date acquired Source of acquisition Total Checkouts Full call number Barcode Date last seen Date last checked out Price effective from Koha item type
    Library of Congress Classification     Maasai Mara University Library -Main Campus Maasai Mara University Library -Main Campus 08/05/2016 Donation 1 LB2395 .C27 2005 20128255 10/28/2016 10/25/2016 08/05/2016 L
© 2016 Maasai Mara University.